000 00487nam a2200181Ia 4500
008 100917s9999 xx 000 0 und d
082 _b61831
100 _aपै शिरिष
245 _aसंधिप्रकाश
260 _bपरचुरे प्रकाशन
_c1968
300 _a148
365 _b10
520 _aकथा
630 _aसंधिप्रकाश
650 _aकथा
730 _aसंधिप्रकाश
942 _cBOOK
999 _c667225
_d667222